Carta Encíclica: Rerum Novarum

Saved in:
Bibliografiske detaljer
Hovedforfatter: León XIII, Papa (Author)
Format: Bog
Sprog:spansk
Udgivet: Bogotá Paulinas 1980
Udgivelse:11a. ed
Serier:Documentos de la Iglesia
Fag:
Tags: Tilføj Tag
Ingen Tags, Vær først til at tagge denne postø!

MARC

LEADER 00000nam a2200000 a 4500
001 UCZ6581
003 CL-VaPUC
008 951211e19800000CK |||||||||||||||||spa|d
082 0 4 |a 262.91  |b LEO  |2 21 
100 0 |a León XIII, Papa  |e author  |9 344157 
245 1 0 |a Carta Encíclica: Rerum Novarum 
250 |a 11a. ed 
300 |a 59 p 
942 |c BK 
945 |d 19951211 00:00:00  |a lriquelm 
260 |a Bogotá  |b Paulinas  |c 1980 
600 0 |a Iglesia católica  |9 255129 
650 0 |a Documentos pontificios   |9 255642 
650 0 |a Doctrina social de la iglesia  |9 257333 
650 0 |a Sociedad  |9 307903 
650 0 |a Socialismo  |9 255260 
650 0 |a Ideologías  |9 255200 
650 0 |a Clase obrera  |9 317035 
583 |a last modification  |c 19951211 00:00:00  |k Rodrigo Vera 
490 0 |a Documentos de la Iglesia 
999 |c 242778  |d 242776